[Event "Frymburk op-A"]
[Site "Frymburk"]
[Date "2000.??.??"]
[Round "1"]
[White "Misicko, Jan"]
[Black "Rozumbersky, Adolf"]
[Result "1-0"]
[WhiteElo "2120"]
[BlackElo "1890"]
[PlyCount "113"]
[EventDate "2000.01.??"]
[EventType "swiss"]
[EventRounds "9"]
[EventCountry "CZE"]
[SourceTitle "EXT 2002"]
[Source "ChessBase"]
[SourceDate "2001.11.25"]
[SourceVersion "1"]
[SourceVersionDate "2001.11.25"]
[SourceQuality "1"]

1. c4 c5 2. Nc3 Nf6 3. g3 e6 4. Bg2 Nc6 5. e4 d6 6. Nge2 Be7 7. 0-0 0-0 8. d4 cxd4 9. Nxd4 a6 10. Nxc6 bxc6 11. e5 dxe5 12. Bxc6 Rb8 13. Qe2 Qc7 14. Bg2 Bc5 15. Rb1 Bd4 16. Bd2 Bb7 17. b4 Bxg2 18. Kxg2 Rfc8 19. c5 a5 20. a3 axb4 21. axb4 Bxc3 22. Bxc3 Nd7 23. f3 f6 24. Ra1 Nb6 25. Rfb1 Nd5 26. Bd2 Ra8 27. Ra6 Rxa6 28. Qxa6 Qc6 29. Qxc6 Rxc6 30. Kf2 Kf7 31. Ke2 Ke7 32. Kd3 Kd7 33. Rc1 Nc7 34. Kc4 Ra6 35. b5 Ra4+ 36. Kb3 Rd4 37. Bc3 Nxb5 38. Bxd4 Nxd4+ 39. Kc4 Nxf3 40. Kb5 Kc7 41. Ra1 Nd4+ 42. Kc4 Nc6 43. Ra8 Nd8 44. Kb5 Nc6 45. Rg8 Nd4+ 46. Kb4 e4 47. Kc3 e3 48. Rxg7+ Kc6 49. Rxh7 e2 50. Kd2 e5 51. Rh6 Kxc5 52. Rxf6 e4 53. Rf8 e3+ 54. Ke1 Kc4 55. Rf4 Kd3 56. Rxd4+ Kxd4 57. Kxe2 1-0

[Event "Frymburk op-A"]
[Site "Frymburk"]
[Date "2000.??.??"]
[Round "4"]
[White "Rozumbersky, Adolf"]
[Black "Koubkova, Alena"]
[Result "0-1"]
[WhiteElo "1890"]
[BlackElo "2025"]
[PlyCount "58"]
[EventDate "2000.01.??"]
[EventType "swiss"]
[EventRounds "9"]
[EventCountry "CZE"]
[SourceTitle "EXT 2002"]
[Source "ChessBase"]
[SourceDate "2001.11.25"]
[SourceVersion "1"]
[SourceVersionDate "2001.11.25"]
[SourceQuality "1"]

1. d4 d5 2. c4 e6 3. Nc3 c5 4. cxd5 exd5 5. Nf3 Nc6 6. g3 c4 7. Bg2 Bb4 8. 0-0 Nge7 9. e4 0-0 10. exd5 Nxd5 11. Nxd5 Qxd5 12. Ne5 Qb5 13. Nxc6 bxc6 14. a3 Ba5 15. a4 Qa6 16. b4 Bxb4 17. Ba3 Bxa3 18. Rxa3 Be6 19. Re1 Rfd8 20. Rc3 Rab8 21. Bf1 Qa5 22. Ree3 Rb4 23. Qc2 Qxa4 24. Qxa4 Rxa4 25. Ra3 Rxa3 26. Rxa3 Rd7 27. Ra5 Kf8 28. Rc5 Rxd4 29. Rxc6 Rd1 0-1

[Event "Frymburk op-A"]
[Site "Frymburk"]
[Date "2000.??.??"]
[Round "9"]
[White "Rozumbersky, Adolf"]
[Black "Lips, Frantisek"]
[Result "1-0"]
[WhiteElo "1870"]
[BlackElo "2010"]
[PlyCount "65"]
[EventDate "2000.01.??"]
[EventType "swiss"]
[EventRounds "9"]
[EventCountry "CZE"]
[SourceTitle "EXT 2002"]
[Source "ChessBase"]
[SourceDate "2001.11.25"]
[SourceVersion "1"]
[SourceVersionDate "2001.11.25"]
[SourceQuality "1"]

1. Nf3 d5 2. g3 Bf5 3. Bg2 e6 4. 0-0 Bd6 5. d3 Nd7 6. Nbd2 Ngf6 7. Re1 e5 8. e4 dxe4 9. dxe4 Bg4 10. h3 Be6 11. b3 0-0 12. Bb2 Qe7 13. Qe2 c6 14. Nc4 Bxc4 15. Qxc4 Nb6 16. Qe2 Rad8 17. a4 h6 18. Nd2 Rd7 19. a5 Nc8 20. Nc4 b5 21. axb6 axb6 22. h4 b5 23. Nxd6 Qxd6 24. Red1 Qe6 25. Rxd7 Nxd7 26. Kh2 Ne7 27. Bh3 f5 28. Ba3 g6 29. Rd1 Nf6 30. exf5 gxf5 31. Rd6 Qf7 32. Qxe5 Ne4 33. Rd7 1-0

[Event "Frymburk op-A"]
[Site "Frymburk"]
[Date "2000.??.??"]
[Round "2"]
[White "Rozumbersky, Adolf"]
[Black "Seiner, Frantisek"]
[Result "1-0"]
[WhiteElo "1890"]
[BlackElo "1755"]
[PlyCount "63"]
[EventDate "2000.01.??"]
[EventType "swiss"]
[EventRounds "9"]
[EventCountry "CZE"]
[SourceTitle "EXT 2002"]
[Source "ChessBase"]
[SourceDate "2001.11.25"]
[SourceVersion "1"]
[SourceVersionDate "2001.11.25"]
[SourceQuality "1"]

1. d4 Nf6 2. c4 e6 3. Nc3 Bb4 4. e3 0-0 5. Bd3 d5 6. Nf3 c5 7. 0-0 Nc6 8. a3 Bxc3 9. bxc3 dxc4 10. Bxc4 Na5 11. Ba2 c4 12. a4 Ne4 13. Qc2 Qd5 14. Ba3 Re8 15. Bb1 f5 16. Ne5 Nb3 17. Ra2 Bd7 18. Nxd7 Qxd7 19. Bc1 b5 20. axb5 Qxb5 21. f3 Nf6 22. e4 Nxc1 23. Rxc1 fxe4 24. fxe4 Qg5 25. Qd2 Qg4 26. Re1 Qh5 27. e5 Nd5 28. Be4 Red8 29. Ra6 Qf7 30. Rea1 Rd7 31. Bxd5 exd5 32. e6 1-0